000 00593cam a2200181 a 4500
020 _a0763703192
082 0 0 _a005.133
_bHOL
_cMCE L-39 ,P-170
100 1 _aHolmes, Barry
_936734
245 1 0 _aThrough C to C++ :
_ba complete programming course /
_cBarry Holmes.
260 _aSudbury, Mass. :
_bJones and Bartlett,
_cc1997.
300 _axx, 714 p. :
_bill. ;
_c26 cm.
500 _aIncludes index.
526 _a0
_b0
_c0
_d005_133000000000000_HOL
650 0 _aC (Computer program language)
_91226
650 0 _aC++ (Computer program language)
_91810
650 0 _aMCE
_9379
942 _2ddc
_cBK
999 _c541717
_d541717